[Event "ICS rated blitz match"]
[Site "204.178.125.65"]
[Date "2001.09.25"]
[Round "?"]
[White "Hossa"]
[Black "Cedars"]
[Result "1-0"]
[WhiteElo "2523"]
[BlackElo "2143"]
[PlyCount "85"]
[EventDate "2001.??.??"]

1. c4 Nf6 2. g3 g6 3. Bg2 Bg7 4. d4 d5 5. cxd5 Nxd5 6. Nc3 Nxc3 7. bxc3 O-O 8.
Nf3 c5 9. O-O Nc6 10. Bb2 cxd4 11. cxd4 Bg4 12. Rb1 Bxf3 13. Bxf3 Nxd4 14. Bxd4
Bxd4 15. Rxb7 Rc8 16. a4 Qd6 17. e3 Bc5 18. Qxd6 exd6 19. Rfb1 Bb6 20. a5 Bxa5
21. Rxa7 Rc5 22. Rbb7 Bc3 23. Rd7 Be5 24. Bb7 g5 25. f4 gxf4 26. gxf4 Bf6 27.
Rxd6 Kg7 28. Bd5 Rc1+ 29. Kf2 Bh4+ 30. Kf3 h5 31. Rdd7 Rf1+ 32. Ke4 Re8+ 33.
Kf5 Rf8 34. Rxf7+ Rxf7+ 35. Bxf7 Rc1 36. Bxh5+ Kg8 37. Bf7+ Kg7 38. Bd5+ Kf8
39. e4 Bd8 40. e5 Rc5 41. Rf7+ Ke8 42. Rh7 Rxd5 43. Ke6 {Cedars resigns} 1-0

[Event "ICS rated blitz match"]
[Site "204.178.125.65"]
[Date "2001.09.25"]
[Round "?"]
[White "Sjeng"]
[Black "Hossa"]
[Result "1-0"]
[WhiteElo "2574"]
[BlackElo "2526"]
[PlyCount "87"]
[EventDate "2001.??.??"]

1. Nf3 c5 2. e4 d6 3. Bb5+ Bd7 4. Bxd7+ Nxd7 5. O-O Ngf6 6. Qe2 e6 7. b3 Be7 8.
Bb2 O-O 9. c4 Ng4 10. d4 cxd4 11. Nxd4 Ndf6 12. Nd2 Qd7 13. f4 Rfc8 14. h3 Nh6
15. g4 e5 16. Nc2 Nfxg4 17. hxg4 exf4 18. Rxf4 Bg5 19. Rf5 Nxf5 20. exf5 Re8
21. Qg2 Bf4 22. Rf1 Be5 23. Nd4 b5 24. cxb5 Bxd4+ 25. Bxd4 Qxb5 26. f6 g6 27.
Nc4 Qd7 28. Ne3 h6 29. Nf5 Rab8 30. Qh3 Re4 31. Nxh6+ Kh7 32. Nf5+ Kg8 33. Ne7+
Qxe7 34. fxe7 Rxd4 35. Qf3 f6 36. Qxf6 Rxg4+ 37. Kh1 Kh7 38. Rf3 Rb5 39. Rh3+
Rh5 40. Rxh5+ gxh5 41. e8=Q Rh4+ 42. Qxh4 a6 43. Qhxh5+ Kg7 44. Qhg6# {
Hossa checkmated} 1-0

[Event "ICS Rated blitz match"]
[Site "204.178.125.65"]
[Date "2001.09.25"]
[Round "?"]
[White "Hossa"]
[Black "Sjeng"]
[Result "1-0"]
[WhiteElo "2512"]
[BlackElo "2588"]
[PlyCount "137"]
[EventDate "2001.??.??"]

1. c4 Nf6 2. Nc3 e6 3. Nf3 Bb4 4. d4 d5 5. e3 O-O 6. a3 Be7 7. c5 b6 8. b4 a5
9. Na2 axb4 10. axb4 Nc6 11. Bb2 Rxa2 12. Rxa2 Nxb4 13. Ra8 bxc5 14. dxc5 Bxc5
15. Be2 Bd6 16. O-O c5 17. Qa1 c4 18. Be5 Bxe5 19. Nxe5 Ne4 20. Qd4 Qf6 21. Ra7
Nd6 22. Ra4 Nf5 23. Qf4 Na6 24. h3 Qd8 25. Raa1 Qd6 26. Qh2 f6 27. Nf3 Qc5 28.
g4 Nxe3 29. fxe3 Qxe3+ 30. Qf2 Qf4 31. Nd4 Qd6 32. Nb5 Qb8 33. Rfb1 f5 34. gxf5
Rxf5 35. Nd4 Qxb1+ 36. Rxb1 Rxf2 37. Kxf2 g6 38. Rb6 Kf7 39. Nb5 Kf6 40. Nd6 c3
41. Nxc8 c2 42. Rc6 Nb4 43. Rc5 d4 44. Bb5 e5 45. Ke2 e4 46. Nd6 e3 47. Ne4+
Ke6 48. Ba4 h6 49. Bb3+ Kd7 50. Bxc2 Nxc2 51. Rxc2 Ke6 52. Rc5 g5 53. Kd3 Kd7
54. Rd5+ Kc6 55. Rd6+ Kc7 56. Rxh6 g4 57. hxg4 Kc8 58. Nd6+ Kd7 59. g5 e2 60.
Kxe2 Kc7 61. g6 Kc6 62. Rh4 Kc5 63. g7 Kb6 64. Nc8+ Kc7 65. Rxd4 Kb7 66. g8=Q
Kc6 67. Qe6+ Kc7 68. Qb6+ Kxc8 69. Rd8# {Sjeng checkmated} 1-0

[Event "ICS rated blitz match"]
[Site "204.178.125.65"]
[Date "2001.09.25"]
[Round "?"]
[White "leocarlos"]
[Black "Hossa"]
[Result "0-1"]
[WhiteElo "2388"]
[BlackElo "2531"]
[PlyCount "92"]
[EventDate "2001.??.??"]

1. e4 e6 2. d4 d5 3. e5 c5 4. c3 Qb6 5. Nf3 Bd7 6. Be2 Bb5 7. c4 Bxc4 8. Bxc4
Qb4+ 9. Nbd2 dxc4 10. O-O cxd4 11. Nxd4 Nd7 12. a3 Qc5 13. N2f3 Nxe5 14. Nxe5
Qxe5 15. Qa4+ Ke7 16. Be3 Qd5 17. Rfd1 a6 18. Nf3 Qb5 19. Qc2 Rc8 20. Nd4 Qe5
21. Nf3 Qc7 22. Rd4 Ke8 23. Rad1 Nf6 24. Qa4+ b5 25. Qxa6 Rb8 26. Bf4 Qb6 27.
Qxb6 Rxb6 28. Rd8+ Ke7 29. Ra8 Nd5 30. Be5 Rb7 31. Nd4 Kd7 32. Nf5 exf5 33.
Rxd5+ Ke6 34. Rdd8 Kxe5 35. Rxf8 Rxf8 36. Rxf8 b4 37. Re8+ Kf6 38. axb4 Rxb4
39. Re2 c3 40. g3 cxb2 41. Kg2 b1=Q 42. Rd2 f4 43. g4 f3+ 44. Kg3 Qg1+ 45. Kxf3
Qxg4+ 46. Ke3 Qe4# {leocarlos checkmated} 0-1

[Event "ICS Rated blitz match"]
[Site "204.178.125.65"]
[Date "2001.09.25"]
[Round "?"]
[White "Hossa"]
[Black "tictoc"]
[Result "1-0"]
[WhiteElo "2549"]
[BlackElo "2250"]
[PlyCount "61"]
[EventDate "2001.??.??"]

1. e4 c5 2. Nf3 Nc6 3. Bb5 Qc7 4. O-O e6 5. d3 Nge7 6. c3 a6 7. Ba4 b5 8. Bb3
Ng6 9. Bg5 Bb7 10. d4 h6 11. Be3 Na5 12. Bc2 Nc4 13. Bc1 d5 14. exd5 Bxd5 15.
Bxg6 fxg6 16. b3 Nb6 17. Ne5 Bd6 18. Nxg6 Bxh2+ 19. Kh1 O-O-O 20. Nxh8 Rxh8 21.
dxc5 Nd7 22. f4 Nxc5 23. Kxh2 g5 24. b4 Ne4 25. a4 Rg8 26. axb5 gxf4 27. Bxf4
Qg7 28. g3 Nf6 29. bxa6 Ng4+ 30. Kg1 e5 31. Qxd5 {tictoc resigns} 1-0

[Event "ICS Rated blitz match"]
[Site "204.178.125.65"]
[Date "2001.09.25"]
[Round "?"]
[White "tictoc"]
[Black "Hossa"]
[Result "0-1"]
[WhiteElo "2245"]
[BlackElo "2554"]
[PlyCount "88"]
[EventDate "2001.??.??"]

1. e4 e6 2. d4 d5 3. Nc3 Nf6 4. e5 Nfd7 5. f4 c5 6. Nf3 Nc6 7. Bb5 cxd4 8. Nxd4
Nxd4 9. Qxd4 a6 10. Be2 Bc5 11. Qd3 O-O 12. Be3 Nxe5 13. fxe5 Bxe3 14. Qxe3 d4
15. Qd2 Qh4+ 16. g3 dxc3 17. gxh4 cxd2+ 18. Kxd2 Rd8+ 19. Ke3 Rd5 20. Bf3 Rxe5+
21. Kf4 Rc5 22. Rad1 f5 23. Rd8+ Kf7 24. c3 Ra5 25. a3 e5+ 26. Ke3 Rb5 27. b4
e4 28. Be2 Rb6 29. Bc4+ Ke7 30. Rg8 Rc6 31. Bd5 Rxc3+ 32. Kf4 Kf6 33. Rf8+ Kg6
34. Rg1+ Kh6 35. Rf7 g6 36. Re7 Rd3 37. Bg8 Rd7 38. Re8 b6 39. Be6 Rc7 40. Bxf5
gxf5 41. Rf8 Rg7 42. Rf6+ Rg6 43. Ke5 Rxf6 44. Kxf6 Bd7 {tictoc resigns} 0-1

[Event "ICS rated blitz match"]
[Site "204.178.125.65"]
[Date "2001.09.25"]
[Round "?"]
[White "Hossa"]
[Black "tictoc"]
[Result "1-0"]
[WhiteElo "2559"]
[BlackElo "2240"]
[PlyCount "63"]
[EventDate "2001.??.??"]

1. c4 Nf6 2. Nc3 e6 3. Nf3 Bb4 4. d4 Bxc3+ 5. bxc3 b6 6. g3 Ba6 7. Bg2 Nc6 8.
Ne5 Nxe5 9. dxe5 Ng8 10. Qa4 Qc8 11. Bxa8 Qxa8 12. O-O Bb7 13. c5 Ne7 14. Rd1
Bc6 15. Qa6 Qb8 16. cxb6 cxb6 17. f4 Bb7 18. Qd3 Qc8 19. Ba3 Qc6 20. e4 Nc8 21.
Qd4 h5 22. Rd2 h4 23. g4 h3 24. Kf2 b5 25. Rad1 Nb6 26. Qb4 Kd8 27. Qe7+ Kc8
28. Rd4 Rd8 29. Qxf7 Nc4 30. Be7 Qa6 31. Bxd8 Qxa2+ 32. Ke1 {tictoc resigns}
1-0

[Event "ICS rated blitz match"]
[Site "204.178.125.65"]
[Date "2001.09.25"]
[Round "?"]
[White "tictoc"]
[Black "Hossa"]
[Result "0-1"]
[WhiteElo "2236"]
[BlackElo "2563"]
[PlyCount "96"]
[EventDate "2001.??.??"]

1. c4 c6 2. e4 d5 3. exd5 Nf6 4. Nc3 cxd5 5. d4 Nc6 6. Nf3 Bg4 7. cxd5 Nxd5 8.
Bc4 e6 9. Bxd5 exd5 10. O-O Be7 11. h3 Bh5 12. g4 Bg6 13. Ne5 Nxe5 14. dxe5 d4
15. Qa4+ Kf8 16. Rd1 d3 17. Be3 h5 18. Kg2 Qc7 19. f4 hxg4 20. hxg4 b5 21. Qxb5
Rb8 22. Qd5 Rxb2+ 23. Rd2 Rb8 24. f5 Bxf5 25. gxf5 Qxc3 26. Rad1 Rd8 27. Qe4
Rh4 28. Rh1 Rxh1 29. Kxh1 Qb4 30. Qf3 Kg8 31. f6 Bf8 32. fxg7 Bxg7 33. Qg3 Rd4
34. Bxd4 Qxd2 35. e6 Qh6+ 36. Kg2 fxe6 37. Qxd3 Bxd4 38. Qxd4 Qg7+ 39. Qxg7+
Kxg7 40. Kf3 e5 41. Ke4 Kf6 42. a4 a5 43. Ke3 Ke6 44. Ke4 Kd6 45. Ke3 Kc5 46.
Ke4 Kb4 47. Kxe5 Kxa4 48. Kd4 Kb3 {tictoc resigns} 0-1

[Event "ICS rated blitz match"]
[Site "204.178.125.65"]
[Date "2001.09.25"]
[Round "?"]
[White "Hossa"]
[Black "tictoc"]
[Result "1-0"]
[WhiteElo "2567"]
[BlackElo "2232"]
[PlyCount "43"]
[EventDate "2001.??.??"]

1. e4 e5 2. Bc4 Nf6 3. Nc3 Be7 4. Nf3 d6 5. d4 exd4 6. Nxd4 O-O 7. Bf4 a6 8.
O-O b5 9. Bd3 g6 10. Bh6 Re8 11. Qd2 Bb7 12. Rfe1 Nbd7 13. a4 c5 14. Nf3 c4 15.
Bf1 b4 16. Nd5 Nxd5 17. exd5 Qc7 18. Qxb4 Bxd5 19. Nd4 Bf6 20. Rad1 Rxe1 21.
Qxe1 Qb6 22. Nf5 {tictoc resigns} 1-0

[Event "ICS rated blitz match"]
[Site "204.178.125.65"]
[Date "2001.09.25"]
[Round "?"]
[White "tictoc"]
[Black "Hossa"]
[Result "0-1"]
[WhiteElo "2228"]
[BlackElo "2571"]
[PlyCount "60"]
[EventDate "2001.??.??"]

1. e4 e6 2. d3 d5 3. Nd2 Nf6 4. Ngf3 c5 5. g3 Nc6 6. Bg2 g6 7. O-O Bg7 8. exd5
Nxd5 9. Ne4 b6 10. Bg5 f6 11. Bd2 O-O 12. h4 f5 13. Nc3 f4 14. Nxd5 exd5 15.
Bxf4 Bxb2 16. Rb1 Bf6 17. c4 Bg4 18. cxd5 Nd4 19. d6 Bxh4 20. Re1 Bf6 21. Re4
g5 22. Bxg5 Bxf3 23. Bxf3 Nxf3+ 24. Qxf3 Bxg5 25. Qg4 Kh8 26. Rbe1 Qf6 27. f4
Bh6 28. Re6 Qd4+ 29. Kg2 Bxf4 30. R6e4 Qd5 {tictoc resigns} 0-1

[Event "ICS rated blitz match"]
[Site "204.178.125.65"]
[Date "2001.09.25"]
[Round "?"]
[White "Hossa"]
[Black "tictoc"]
[Result "1-0"]
[WhiteElo "2575"]
[BlackElo "2224"]
[PlyCount "107"]
[EventDate "2001.??.??"]

1. e4 c5 2. Nf3 Nc6 3. Bb5 Qc7 4. O-O e6 5. d3 a6 6. Bxc6 Qxc6 7. Nc3 b5 8. a3
Bb7 9. d4 cxd4 10. Qxd4 d6 11. a4 bxa4 12. Bg5 h6 13. Bh4 Ne7 14. Bxe7 Kxe7 15.
Qd3 g6 16. Rfd1 Bg7 17. Nd4 Qc7 18. Rxa4 Rhc8 19. Qf3 Qb6 20. b3 Rc7 21. Qg3
Rac8 22. Na2 e5 23. Nf3 Rxc2 24. Ne1 Rb2 25. Rb4 Qa7 26. Nc3 Rxc3 27. Rxb7+
Qxb7 28. Qxc3 Rxb3 29. Qc1 Bf8 30. Qc2 Kf6 31. Nd3 Kg7 32. f3 Qb6+ 33. Kh1 Be7
34. Qa2 Bg5 35. Qc2 a5 36. g3 a4 37. f4 Bf6 38. fxe5 dxe5 39. Nc5 Rb4 40. Nxa4
Qb5 41. Nc3 Qc4 42. Kg2 Rb3 43. Rc1 Qb4 44. Nd5 Qb7 45. Kh1 Rb2 46. Qd1 Bg5 47.
Rc7 Qb5 48. Qf3 Rb1+ 49. Kg2 Qe8 50. Rc2 Qe6 51. Rf2 h5 52. Qd3 Rc1 53. Qf3 Qg4
54. Qxf7+ {tictoc resigns} 1-0

[Event "ICS rated blitz match"]
[Site "204.178.125.65"]
[Date "2001.09.25"]
[Round "?"]
[White "Hossa"]
[Black "Goteborg"]
[Result "0-1"]
[WhiteElo "2579"]
[BlackElo "2832"]
[PlyCount "99"]
[EventDate "2001.??.??"]

1. c4 e5 2. g3 Nf6 3. Nc3 d5 4. cxd5 Nxd5 5. Bg2 Nb6 6. Nf3 Nc6 7. O-O Be7 8.
Ne1 O-O 9. d3 Bd7 10. Bd2 Qc8 11. f4 Bh3 12. fxe5 Nxe5 13. Bf4 Bxg2 14. Nxg2
Qe6 15. e3 Rad8 16. d4 Nec4 17. b3 Nd6 18. Qh5 f6 19. Rf2 Ne8 20. Nb5 Qd7 21.
Rc1 g5 22. Bxc7 Rc8 23. Nxa7 Rxc7 24. Rxc7 Nxc7 25. h4 Ra8 26. hxg5 Qd5 27. Nh4
Qxg5 28. Qxg5+ fxg5 29. Nf5 Bd8 30. e4 Rxa7 31. a4 Ne8 32. Kg2 Kf7 33. d5 Nf6
34. Kf3 Nbd7 35. Nd6+ Kg6 36. Nc4 g4+ 37. Ke3 Nc5 38. Rf4 h5 39. Ne5+ Kg7 40.
Nc4 Nxb3 41. Kd3 Rxa4 42. Nd6 Nc5+ 43. Ke3 Bb6 44. Nc8 Ne6+ 45. Nxb6 Ra3+ 46.
Ke2 Nxf4+ 47. gxf4 Ra2+ 48. Kf1 Nxe4 49. f5 Nd2+ 50. Ke1 {Hossa resigns} 0-1

[Event "ICS rated blitz match"]
[Site "204.178.125.65"]
[Date "2001.09.25"]
[Round "?"]
[White "Goteborg"]
[Black "Hossa"]
[Result "1-0"]
[WhiteElo "2838"]
[BlackElo "2573"]
[PlyCount "106"]
[EventDate "2001.??.??"]

1. e4 c5 2. Nf3 Nc6 3. d4 cxd4 4. Nxd4 e5 5. Nxc6 bxc6 6. Bc4 Ba6 7. Bd3 Bxd3
8. Qxd3 d5 9. O-O Nf6 10. exd5 cxd5 11. Rd1 Rb8 12. Nc3 d4 13. Na4 Rc8 14. f4
e4 15. Qb5+ Qd7 16. Qe5+ Be7 17. Rxd4 Qb7 18. c3 O-O 19. Be3 Rfe8 20. Qf5 Qc6
21. Rad1 Rb8 22. Qh3 Rb5 23. b3 Rh5 24. Qg3 Qe6 25. c4 Qc8 26. Re1 Bb4 27. Red1
Be7 28. Bd2 Ng4 29. h3 Nf6 30. Qe3 Bc5 31. Nxc5 Qxc5 32. b4 Qc8 33. Bc3 a6 34.
c5 a5 35. a3 axb4 36. axb4 Qa8 37. Qe2 Rf5 38. Rd6 Rxf4 39. Qe3 Rf5 40. c6 Qb8
41. R1d2 Nh5 42. Rd7 Qb5 43. c7 Qc4 44. R2d4 Rf1+ 45. Kh2 Qc6 46. R4d6 Qa8 47.
Rd8 Ra1 48. Bxa1 h6 49. Rxa8 Nf6 50. Bxf6 Rxa8 51. Rd8+ Kh7 52. Qxe4+ g6 53.
Qxa8 g5 {Hossa resigns} 1-0

[Event "ICS rated blitz match"]
[Site "204.178.125.65"]
[Date "2001.09.25"]
[Round "?"]
[White "Hossa"]
[Black "Goteborg"]
[Result "0-1"]
[WhiteElo "2567"]
[BlackElo "2844"]
[PlyCount "124"]
[EventDate "2001.??.??"]

1. e4 c5 2. Nf3 d6 3. Nc3 a6 4. Be2 e5 5. Bc4 Be7 6. d3 Nf6 7. O-O O-O 8. Be3
Nc6 9. Qe2 Nd4 10. Bxd4 cxd4 11. Nd5 Nxd5 12. Bxd5 Qb6 13. c3 dxc3 14. bxc3 Qc7
15. Rab1 Rb8 16. Rfc1 Bd7 17. Nd2 h6 18. Qh5 Bg5 19. Rb2 b5 20. h4 Bf6 21. Nf1
Qd8 22. g3 Rc8 23. Ne3 Qa5 24. Rbc2 Rc5 25. Nf5 Qc7 26. a3 Bxf5 27. Qxf5 Qa5
28. Qd7 Qxa3 29. Qb7 Bd8 30. Bc6 g5 31. h5 Qa5 32. Qd7 Qc7 33. Qxc7 Bxc7 34.
Bd5 a5 35. Kg2 Kg7 36. Rb1 f5 37. Kf3 g4+ 38. Ke2 Kf6 39. c4 b4 40. exf5 Kxf5
41. Rcc1 Rb8 42. Ra1 b3 43. Rcb1 Rb4 44. f3 a4 45. fxg4+ Kxg4 46. Rh1 Kg5 47.
Raf1 e4 48. dxe4 Rbxc4 49. Bxc4 Rxc4 50. Kd3 Rc5 51. Rf7 b2 52. Rg7+ Kf6 53.
Rg6+ Ke7 54. Rf1 Rc1 55. Rg7+ Ke6 56. Rg6+ Kd7 57. Rf7+ Ke8 58. Rf4 b1=Q+ 59.
Ke3 Rc3+ 60. Kf2 Rc2+ 61. Kf3 Qd1+ 62. Ke3 Bb6# {Hossa checkmated} 0-1

[Event "ICS rated blitz match"]
[Site "204.178.125.65"]
[Date "2001.09.25"]
[Round "?"]
[White "Goteborg"]
[Black "Hossa"]
[Result "1/2-1/2"]
[WhiteElo "2849"]
[BlackElo "2562"]
[PlyCount "184"]
[EventDate "2001.??.??"]

1. e4 e6 2. d4 d5 3. Nc3 Nf6 4. e5 Nfd7 5. Nf3 c5 6. Bg5 Qb6 7. Na4 Qa5+ 8. Nc3
cxd4 9. Nxd4 Bb4 10. Bd2 Nxe5 11. a3 Bxc3 12. Bxc3 Qd8 13. Nb5 Nbc6 14. f4 Ng6
15. Bxg7 Rg8 16. Bh6 Rb8 17. Bg5 f6 18. Bh6 a6 19. f5 axb5 20. fxg6 hxg6 21. c3
Ne5 22. Bxb5+ Bd7 23. Be2 g5 24. Bh5+ Ke7 25. O-O Bb5 26. Re1 Nd3 27. Re3 Qb6
28. Qd2 Nxb2 29. Qd4 Qxd4 30. cxd4 Nc4 31. Rh3 e5 32. dxe5 Nxe5 33. Re1 d4 34.
Bd1 Bd7 35. Rh5 Kd6 36. Re4 Kd5 37. Re1 b5 38. Rf1 Rb6 39. Kh1 Ra6 40. Kg1 Rxa3
41. Re1 Be8 42. Rh3 Rxh3 43. gxh3 Bg6 44. Rf1 Ke6 45. Bb3+ Nc4 46. Ra1 Be8 47.
Ra6+ Kf5 48. Bc2+ Ke5 49. Ra8 Nd6 50. Ra1 Nf5 51. Bxf5 Kxf5 52. h4 gxh4+ 53.
Kf2 Bc6 54. Rg1 Rd8 55. Rc1 Bd5 56. Rd1 Be4 57. Bd2 Rb8 58. Bb4 d3 59. Rc1 Ke6
60. Ke3 f5 61. Rc5 h3 62. Kf4 Rb7 63. Re5+ Kf7 64. Ke3 Kf6 65. Re8 Rc7 66. Bd2
Kg7 67. Rb8 Rc5 68. Rd8 Kf7 69. Rb8 Ke6 70. Re8+ Kd5 71. Rd8+ Kc4 72. Rd7 Rc8
73. Ra7 Bg2 74. Kf4 Rc5 75. Ra1 Rd5 76. Rb1 Kc5 77. Rc1+ Kd6 78. Rc8 Ke7 79.
Rh8 Kf7 80. Rc8 Bf1 81. Rc7+ Ke6 82. Rc6+ Ke7 83. Rh6 Kf7 84. Rb6 Rc5 85. Be3
Rc2 86. Kxf5 Rxh2 87. Rb7+ Kg8 88. Rb8+ Kg7 89. Rb7+ Kh8 90. Rb8+ Kg7 91. Rb7+
Kh8 92. Rb8+ Kg7 {Game drawn by repetition} 1/2-1/2

[Event "ICS rated blitz match"]
[Site "204.178.125.65"]
[Date "2001.09.25"]
[Round "?"]
[White "Suddel"]
[Black "Hossa"]
[Result "0-1"]
[WhiteElo "2404"]
[BlackElo "2549"]
[PlyCount "108"]
[EventDate "2001.??.??"]

1. b4 e5 2. Bb2 Bxb4 3. f4 exf4 4. Bxg7 Qh4+ 5. g3 fxg3 6. Bg2 gxh2+ 7. Kf1
hxg1=Q+ 8. Kxg1 Qg4 9. Bxh8 f6 10. Qe1 Qd4+ 11. e3 Qxa1 12. Rxh7 Bxd2 13. Qxd2
Qxb1+ 14. Kh2 Qb6 15. Qd3 Ne7 16. Qe4 Qd6+ 17. Kh1 f5 18. Qh4 Qd1+ 19. Kh2 Nbc6
20. Bf6 Ng6 21. Qh6 Qd6+ 22. Kh1 Qxf6 23. Bxc6 Qxc6+ 24. Kg1 Qb6 25. Kf2 f4 26.
Rh8+ Nxh8 27. Qxh8+ Ke7 28. Qg7+ Ke6 29. Qg6+ Kd5 30. Qf5+ Kc4 31. Qxf4+ Kc3
32. Qe5+ Kxc2 33. Qe4+ Kb2 34. Qe5+ Kxa2 35. Qd5+ Ka3 36. Qd3+ Qb3 37. Qd2 Qb2
38. Qxb2+ Kxb2 39. Kf3 a5 40. Ke4 a4 41. Kd4 a3 42. Ke5 Ra5+ 43. Kf6 Ra6+ 44.
Ke7 a2 45. Kd8 c5 46. e4 Rc6 47. e5 b5 48. e6 dxe6 49. Ke7 Rc7+ 50. Kd6 Rd7+
51. Kc6 a1=Q 52. Kb6 Qa6+ 53. Kxc5 Rd5+ 54. Kb4 Qa3# {Suddel checkmated} 0-1

[Event "ICS rated blitz match"]
[Site "204.178.125.65"]
[Date "2001.09.25"]
[Round "?"]
[White "IgorIvanov"]
[Black "Hossa"]
[Result "0-1"]
[WhiteElo "2500"]
[BlackElo "2559"]
[PlyCount "54"]
[EventDate "2001.??.??"]

1. d4 d5 2. c4 e6 3. Nc3 c6 4. e4 dxe4 5. Nxe4 Bb4+ 6. Nc3 Ne7 7. a3 Bxc3+ 8.
bxc3 e5 9. Nf3 Qa5 10. dxe5 Bg4 11. Be2 Bxf3 12. Bxf3 Qxc3+ 13. Bd2 Qxe5+ 14.
Be2 Na6 15. O-O O-O 16. Re1 Ng6 17. Rb1 Nc5 18. Bb4 Rfd8 19. Qc2 Ne6 20. Bg4
Nd4 21. Qc3 Qf4 22. h3 Ne5 23. Bd1 Qf5 24. Ra1 Nd3 25. Rf1 Qe4 26. Bg4 a5 27.
Be7 Nf4 {IgorIvanov resigns} 0-1

[Event "ICS rated blitz match"]
[Site "204.178.125.65"]
[Date "2001.09.25"]
[Round "?"]
[White "Hossa"]
[Black "IgorIvanov"]
[Result "1/2-1/2"]
[WhiteElo "2572"]
[BlackElo "2487"]
[PlyCount "303"]
[EventDate "2001.??.??"]

1. e4 e5 2. Nf3 Nc6 3. Bb5 Nf6 4. Qe2 d6 5. d4 Bd7 6. d5 Ne7 7. Bxd7+ Nxd7 8.
O-O Ng6 9. g3 Be7 10. h4 h6 11. h5 Ngf8 12. Be3 Nh7 13. Nc3 a6 14. Bd2 Qc8 15.
a3 Ndf6 16. Nh4 Qh3 17. Nf5 Bf8 18. Qf3 Ng5 19. Qg2 Qxh5 20. Nh4 Qg4 21. f3 Qh3
22. Qxh3 Nxh3+ 23. Kg2 Ng5 24. Rh1 Ngh7 25. b4 g6 26. b5 axb5 27. Nxb5 Kd7 28.
Rab1 h5 29. Rb4 Be7 30. Rhb1 b6 31. Kh2 Ra6 32. Ng2 Rha8 33. Kg1 Ra4 34. R4b3
Ng8 35. Rc3 Bd8 36. Ne3 Nhf6 37. Nc4 Ne8 38. Nb2 R4a6 39. Rb3 Ngf6 40. Nd3 Kc8
41. Nb4 Ra4 42. Bc1 Nd7 43. Nc3 R4a5 44. Nc6 R5a6 45. Nb5 Nc5 46. R3b2 Ra4 47.
Ra2 Kd7 48. Nc3 Rc4 49. Bd2 Nf6 50. Kh2 Nh7 51. Rb5 h4 52. gxh4 Bxh4 53. Rb4
Rxb4 54. axb4 Rxa2 55. Nxa2 Na4 56. Kh3 Bg5 57. Bxg5 Nxg5+ 58. Kg4 Nh7 59. Nb8+
Ke8 60. Nc6 Nf6+ 61. Kg5 Nh5 62. Nc1 Nb2 63. Nd3 Nc4 64. Ne1 Kf8 65. Nb8 Ke7
66. Nc6+ Kd7 67. Nb8+ Ke7 68. Nc6+ Ke8 69. Nd3 Nd2 70. Ne1 Ng3 71. Kg4 Ne2 72.
Kg5 Nc3 73. Kg4 Kf8 74. Ng2 Nd1 75. Ne1 Ne3+ 76. Kg3 f5 77. Kf2 f4 78. Ke2 Ndf1
79. Nd8 Ng3+ 80. Kd3 Ke7 81. Ne6 c6 82. c4 cxd5 83. cxd5 Nh5 84. Nc7 g5 85. Na8
b5 86. Nc7 Nf6 87. Nxb5 Kd7 88. Nc3 Kc7 89. Nb5+ Kd7 90. Nc3 g4 91. fxg4 Nexg4
92. Nd1 Kc7 93. Nf3 Nd7 94. Ng5 Nb6 95. Ke2 Na4 96. Kd3 Nb6 97. Ke2 Nc4 98.
Ne6+ Kb6 99. Kd3 Nce3 100. Nxe3 Nxe3 101. Ng5 Ng4 102. Kc3 Nf2 103. Kc4 Nd1
104. Kd3 Kb5 105. Kd2 Nb2 106. Kc3 Na4+ 107. Kb3 Nb6 108. Nf3 Nc4 109. Kc3 Ne3
110. Ng5 Nd1+ 111. Kd2 Nb2 112. Kc3 Nc4 113. Nf3 Ne3 114. Ng5 Kb6 115. Kd3 Ng4
116. Kc3 Nf2 117. Kc4 Ka6 118. Kb3 Kb5 119. Kc3 Ka4 120. Kc4 Ng4 121. Nf3 Ne3+
122. Kc3 Nd1+ 123. Kc4 Ne3+ 124. Kc3 Kb5 125. Ng5 Nd1+ 126. Kd2 Nb2 127. Kc3
Nc4 128. Nf3 Nb6 129. Kb3 Nd7 130. Kc3 Ka4 131. Kc4 Nb6+ 132. Kc3 Na8 133. Kc4
Nc7 134. Ng5 Nb5 135. Nf3 Na3+ 136. Kc3 Kb5 137. Kb3 Nc4 138. Kc3 Ne3 139. Ng5
Nd1+ 140. Kd2 Nf2 141. Kc3 Ng4 142. Nf7 f3 143. Nxd6+ Ka4 144. Nf5 f2 145. Ng3
Nf6 146. Kd3 Kxb4 147. Ke3 Kc5 148. Kxf2 Nxe4+ 149. Nxe4+ Kxd5 150. Nf6+ Kd4
151. Kf3 e4+ 152. Nxe4 {Game drawn because neither player has mating material}
1/2-1/2

[Event "ICS rated blitz match"]
[Site "204.178.125.65"]
[Date "2001.09.25"]
[Round "?"]
[White "Hossa"]
[Black "gringo"]
[Result "1-0"]
[WhiteElo "2568"]
[BlackElo "2161"]
[PlyCount "77"]
[EventDate "2001.??.??"]

1. e4 c5 2. Nf3 d6 3. d4 cxd4 4. Nxd4 Nf6 5. f3 g6 6. Bc4 Nc6 7. Nxc6 bxc6 8.
Nc3 Bg7 9. Be3 O-O 10. O-O c5 11. Qd2 Rb8 12. b3 Qa5 13. Nd5 Qd8 14. Nxf6+ Bxf6
15. c3 Qa5 16. Rfc1 Rd8 17. Bg5 Bxg5 18. Qxg5 Qc7 19. Qh6 e6 20. Rd1 Bb7 21.
Rd2 d5 22. exd5 exd5 23. Bd3 Qe5 24. Rc1 d4 25. Re2 Qg7 26. Qxg7+ Kxg7 27. Re5
Rbc8 28. Re7 Rb8 29. Bc4 Bd5 30. Bxd5 Rxd5 31. cxd4 cxd4 32. Rcc7 d3 33. Rxf7+
Kh6 34. h4 Rh8 35. g4 d2 36. g5+ Rxg5+ 37. hxg5+ Kxg5 38. Rcd7 d1=Q+ 39. Rxd1 {
gringo resigns} 1-0

[Event "ICS rated blitz match"]
[Site "204.178.125.65"]
[Date "2001.09.25"]
[Round "?"]
[White "gringo"]
[Black "Hossa"]
[Result "0-1"]
[WhiteElo "2158"]
[BlackElo "2571"]
[PlyCount "49"]
[EventDate "2001.??.??"]

1. e4 d5 2. exd5 Qxd5 3. d4 Nf6 4. Nf3 Bg4 5. Be2 Nbd7 6. O-O O-O-O 7. Be3 Kb8
8. c4 Qf5 9. Nc3 Bxf3 10. Bxf3 Nb6 11. Qb3 g5 12. c5 Nbd5 13. c6 b6 14. Qa4 Rg8
15. Nb5 a5 16. Bd2 g4 17. Be2 Qe6 18. Bxa5 bxa5 19. Qxa5 Qxc6 20. Qa7+ Kc8 21.
Rfc1 Qb7 22. Qa5 Kd7 23. Na7 Ra8 24. Bb5+ Kd8 25. Ba6 {gringo resigns} 0-1

[Event "ICS rated blitz match"]
[Site "204.178.125.65"]
[Date "2001.09.25"]
[Round "?"]
[White "IgorIvanov"]
[Black "Hossa"]
[Result "0-1"]
[WhiteElo "2527"]
[BlackElo "2574"]
[PlyCount "76"]
[EventDate "2001.??.??"]

1. d4 d5 2. c4 c6 3. cxd5 cxd5 4. Nf3 Nf6 5. Nc3 Nc6 6. Bf4 a6 7. e3 e6 8. Bd3
Be7 9. Rc1 Nh5 10. Be5 f6 11. Bg3 Nxg3 12. hxg3 f5 13. g4 fxg4 14. Ne5 Nxe5 15.
dxe5 Qb6 16. Qxg4 Qxb2 17. Ne2 Qb4+ 18. Qxb4 Bxb4+ 19. Kf1 h6 20. g4 Kd7 21. g5
Ba3 22. Rd1 Be7 23. g6 b5 24. e4 Kc6 25. Nd4+ Kb6 26. exd5 Bb7 27. Be4 exd5 28.
Bf5 Bc5 29. Ne6 d4 30. Rh4 Bd5 31. Nxc5 Kxc5 32. a3 Rae8 33. Re1 Rhf8 34. Bd7
Re7 35. e6 Rf3 36. Rh5 Kd6 37. Rd1 Rf4 38. f3 Bxf3 {IgorIvanov resigns} 0-1

[Event "ICS rated blitz match"]
[Site "204.178.125.65"]
[Date "2001.09.25"]
[Round "?"]
[White "Hossa"]
[Black "IgorIvanov"]
[Result "1-0"]
[WhiteElo "2588"]
[BlackElo "2513"]
[PlyCount "66"]
[EventDate "2001.??.??"]

1. e4 e5 2. Bc4 Nf6 3. d3 Nc6 4. Nc3 Bb4 5. Bg5 h6 6. Bxf6 Bxc3+ 7. bxc3 Qxf6
8. Ne2 d6 9. O-O Bg4 10. f3 Be6 11. Bb3 O-O 12. d4 Na5 13. Qd3 c5 14. Bxe6 Qxe6
15. Ng3 g6 16. dxc5 dxc5 17. Qe3 h5 18. Rfd1 Rfd8 19. Rxd8+ Rxd8 20. Qg5 Qd6
21. Nxh5 Qd2 22. Nf6+ Kg7 23. f4 Nc6 24. Nd5 exf4 25. Qf6+ Kg8 26. Rf1 Rd7 27.
Qg5 Kg7 28. Nxf4 Qxc3 29. Nh5+ Kf8 30. Qxg6 Qd4+ 31. Kh1 Qf2 32. Qg7+ Ke7 33.
Ng3 Qd4 {IgorIvanov resigns} 1-0